000 00686pam a2200241 4500
005 20260322212028.0
008 data
010 _a 72007049
020 _a0070204683 (pbk.)
_a0070204683 (pbk.)
020 _a0070204683 (pbk.)
_a0070204683 (pbk.)
040 _aDLC
_cDLC
_dDLC
050 0 0 _aPE1143
_b.F4 1973
082 0 0 _a428/.1
092 _a428.1 F4 1973
100 1 _aFergus, Patricia M.
245 1 0 _aSpelling improvement:
_ba program for self-instruction
_cPatricia M. Fergus.
250 _a2d ed.
260 _aNew York,
_bMcGraw-Hill
_c[1973]
300 _axiv, 200 p.
_c23 cm.
650 0 _aEnglish language
_xOrthography and spelling.
650 0 _aVocabulary.
001 data
999 _c639
_d639